Resum de 17 anys de sondatges a Barcelona amb globis pilots : 1914 a 1930 / per Gabriel Campo 1914 a 1930 / per Gabriel Campo
Descripción Física:
75 p. ; 23 cm
Colección:
Notes d'estudi ; 54
Otros Autores:
Servei Meteorològic de Catalunya
MARC
| LEADER | 00000nam a2200000Ia 4500 | ||
|---|---|---|---|
| 001 | 22547 | ||
| 008 | 160829s1938 xx 000 0 cat d | ||
| 080 | |a RF-15-91 | ||
| 100 | |a Campo, Gabriel |9 20168 | ||
| 245 | |a Resum de 17 anys de sondatges a Barcelona amb globis pilots : |b 1914 a 1930 / per Gabriel Campo | ||
| 260 | |a Barcelona : |b Generalitat de Catalunya, Servei Meteorològic de Catalunya, |c 1938 | ||
| 300 | |a 75 p. ; |c 23 cm | ||
| 490 | |a Notes d'estudi ; 54 | ||
| 590 | |a Prové de 4166, exp. 6 | ||
| 650 | |a Meteorologia |x Barcelona |x Observacions |9 20169 | ||
| 700 | |a Servei Meteorològic de Catalunya |9 35488 | ||
| 856 | 4 | |u https://media.diba.cat/diba/fitxers/arxiu/fulletons/bib_22547_1938_baixa.pdf |y Accés lliure | |
| 856 | 4 | |u https://media.diba.cat/diba/fitxers/arxiu/fulletons/bib_22547_1938_baixa.pdf |y Accés lliure | |
| 901 | |a Arxiu | ||
| 942 | |n 1 |2 udc | ||
| 952 | |0 0 |1 0 |4 0 |6 RF1591 |7 1 |9 53897 |a Arxiu |b Arxiu |d 2016-12-01 |l 0 |o RF-15-91 |p 22547 |r 2016-12-01 00:00:00 |w 2016-12-01 |y ARXIU | ||
| 999 | |c 57764 |d 57764 | ||
| 900 | |a bib_22547_1938_baixa.pdf | ||